=LDR 00000nam 2200000 4500 =001 INLIS000000000038166 =005 20130612143841 =008 ***********************************ind** =035 ##$$0010-061300000038166 =041 ##$$a ind =082 ##$$a 813 =100 ##$$a kartino, adnan =245 ##$$a menggapai matahari =260 ##$$a gramedia $b jakarta =300 ##$$a 401 hlm =850 ##$$a NBPNMAT